000 00443nam a2200181Ia 4500
008 230524s9999 xx 000 0 und d
020 _a8121918081
082 _a658.13
_bNAI
100 _aN.G.Nair
245 0 _aPersonal Management and Industrial Relations
250 _aIST
260 _aNEW DELHI
_bS.Chand
_c2004
300 _aIX;536
500 _aQuantity Number: 2
650 _aManagement
700 _a Latha Nair
942 _cBK
999 _c42374
_d42374